000 00558nam a2200205Ia 4500
005 20250923144831.0
008 008 250917s9999 xx 000 0 eng d
037 _aTextual
040 _aDSWL
_beng
_cDSWL
041 _aeng
_2eng
084 _aX:89A, J9
_qDSWL
245 4 _aThe management of innovation
_cEd. by Tom Burns
260 _a Tavistock
_bTavistockPublications
_c1961
300 _av,269p.
365 _aINR
_b30
700 _aG.M. Stalker
_9828887
925 _g30
942 _cTEXL
_hX:89A, J9
999 _c1443929
_d1443929